[Event "European Individual Ch (w) round1"]
[Site "Plovdiv BUL"]
[Date "2008.04.21"]
[Round "1.38"]
[White "Repkova, Eva"]
[Black "Yildiz, Betul Cemre"]
[Result "1/2-1/2"]
[WhiteElo "2381"]
[BlackElo "2205"]
[PlyCount "84"]
[EventDate "2008.04.21"]
[EventType "swiss"]
[EventRounds "11"]
[EventCountry "BUL"]

1. e4 e5 2. Bc4 Nf6 3. d3 c6 4. Nf3 d5 5. Bb3 a5 6. a4 Bd6 7. exd5 Nxd5 8. O-O
O-O 9. Re1 Re8 10. Ng5 h6 11. Nxf7 Kxf7 12. c4 Bb4 13. cxd5 Bxe1 14. Qxe1 cxd5
15. Nc3 Nc6 16. Bxd5+ Be6 17. Be4 Nd4 18. Qd1 Qd7 19. Be3 Rac8 20. Rc1 Kg8 21.
h3 Nb3 (21... Bb3) 22. Rb1 Nc5 23. Bxc5 Rxc5 24. Qh5 Rf8 25. Qg6 Rf6 26. Qg3
Bf5 27. Qe3 b6 28. Re1 Rf8 29. Rd1 Be6 30. d4 exd4 31. Rxd4 Qc7 32. Bc2 Re5 33.
Re4 Rxe4 34. Qxe4 Rf6 35. Nd5 Bxd5 36. Qxd5+ Kf8 37. Bb3 Qc1+ 38. Kh2 Qc7+ 39.
Kg1 Ke7 40. Qe4+ Kd7 41. Bc4 Qc5 42. Qe2 Kc7 1/2-1/2

[Event "European Individual Ch (w) round1"]
[Site "Plovdiv BUL"]
[Date "2008.04.21"]
[Round "1.41"]
[White "Papadopoulou, Vera"]
[Black "Stepovaia, Tatiana"]
[Result "0-1"]
[WhiteElo "2199"]
[BlackElo "2378"]
[PlyCount "118"]
[EventDate "2008.04.21"]
[EventType "swiss"]
[EventRounds "11"]
[EventCountry "BUL"]

1. d4 d5 2. c4 c6 3. Nf3 e6 4. cxd5 exd5 5. Nc3 Nf6 6. Bg5 Bf5 7. e3 Nbd7 8.
Bd3 Bxd3 9. Qxd3 Bd6 10. O-O O-O 11. Rac1 Qe7 12. Rfe1 h6 13. Bh4 Qe6 14. Bg3
Bxg3 15. hxg3 Ne4 16. Na4 b6 17. b4 Rac8 18. Qa6 Rc7 19. Nb2 Re8 20. Nd3 g5 21.
Rc2 f6 22. Nd2 Qd6 23. Nxe4 dxe4 24. Qc4+ Kg7 25. Nb2 b5 26. Qb3 Nb6 27. Rc5
Nd5 28. Rec1 f5 29. Nd1 Ne7 30. Nc3 Rd7 31. a3 a6 32. Qb2 Qf6 33. Qb3 Red8 34.
Ne2 Rd6 35. Qc2 h5 36. Nc3 Rh8 37. Qe2 g4 38. Kf1 h4 39. gxh4 Qxh4 40. Ke1 Qh1+
41. Kd2 Qxg2 42. Re5 Kf7 43. Qf1 Qf3 44. Qg1 Ng6 45. Rc5 Rxd4+ 46. Kc2 Rd6 47.
Re1 Ne7 48. Ne2 Qh3 49. Nd4 Rxd4 50. exd4 Qd3+ 51. Kb2 Qxd4+ 52. Ka2 Qd2+ 53.
Kb1 Nd5 54. Rec1 Rh3 55. Qd1 Qxd1 56. Rxd1 Nc3+ 57. Kc2 Nxd1 58. Kxd1 Rxa3 59.
Ke2 f4 0-1